[Japonská ekonomika včera a dnes]

Recenzia na monografiu Japonská ekonomika včera a dnes. Autor na základe štúdia rozsiahlej literatúry a praktických skúseností, ktoré získal počas diplomatickej misie v Tokiu spracoval publikáciu o vývoji a súčasnom stave japonskej ekonomiky.

Gespeichert in:
Bibliographische Detailangaben
1. Verfasser: Baránik, Michal
Format: Buchkapitel
Sprache:Slowakisch
Schlagworte:
Tags: Tag hinzufügen
Keine Tags, Fügen Sie das erste Tag hinzu!

MARC

LEADER 00000naa$a2200000$$$4500
001 0015162
005 20231108093656.9
041 0 |a slo 
044 |a SK 
245 1 0 |a [Japonská ekonomika včera a dnes]  |c Michal Baránik 
520 |a Recenzia na monografiu Japonská ekonomika včera a dnes. Autor na základe štúdia rozsiahlej literatúry a praktických skúseností, ktoré získal počas diplomatickej misie v Tokiu spracoval publikáciu o vývoji a súčasnom stave japonskej ekonomiky. 
610 2 0 |a vývoj hospodársky 
610 2 0 |a Japonsko 
610 2 0 |a recenzie 
610 2 0 |a história 
610 2 0 |a prognózy 
100 1 |a Baránik, Michal